Vida y cultura en el oasis de San Pedro de Atacama
Shranjeno v:
| Glavni avtor: | |
|---|---|
| Format: | Knjiga |
| Jezik: | španščina |
| Izdano: |
Santiago
Universitaria
1991
|
| Serija: | Imagen de Chile
|
| Teme: | |
| Oznake: |
Označite
Brez oznak, prvi označite!
|
MARC
| LEADER | 00000nam a2200000 a 4500 | ||
|---|---|---|---|
| 001 | UCI5208 | ||
| 003 | CL-VaPUC | ||
| 008 | 080314e19910000CL |||||||||||||||||spa|d | ||
| 020 | |a 9789561119598 | ||
| 082 | 0 | 4 | |a 983.01 |b NUÑ |2 21 |
| 100 | |a Núñez Atencio, Lautaro |e autor |9 441291 | ||
| 245 | 1 | 0 | |a Vida y cultura en el oasis de San Pedro de Atacama |
| 300 | |a 300 p | ||
| 942 | |c BK | ||
| 945 | |d 20080314 00:00:00 |a jtorresc | ||
| 260 | |a Santiago |b Universitaria |c 1991 | ||
| 650 | 0 | |a Historia de Chile |9 265473 | |
| 650 | 0 | |a Antigüedades |9 266390 | |
| 650 | 0 | |a Arqueología |9 265619 | |
| 650 | 0 | |a Vida y costumbres |9 611784 | |
| 650 | 0 | |a Mitología |9 255719 | |
| 650 | 0 | |a Prehistoria |9 316557 | |
| 650 | 7 | |a CULTURAS |2 CL-VaPUC |9 354346 | |
| 650 | 0 | |a Atacameños |9 441292 | |
| 651 | 7 | |a SAN PEDRO DE ATACAMA |2 CL-VaPUC |9 349849 | |
| 651 | 7 | |a CHILE |2 CL-VaPUC |9 527375 | |
| 583 | |a last modification |c 20080314 00:00:00 |k Rodrigo Vera | ||
| 490 | 0 | |a Imagen de Chile | |
| 999 | |c 328971 |d 328969 | ||
| 952 | |0 0 |1 0 |4 0 |6 983_010000000000000_NUÑ_1991 |7 0 |8 A |9 413193 |a BIBEDU |b BIBEDU |d 2019-11-22 |i 4414217 |o 983.01 NUÑ 1991 |p 4414217 |r 2023-01-12 |w 2019-11-22 |y BK |k MUS | ||